| 000 | 01606nas2a22003851i 4500 | ||
|---|---|---|---|
| 001 | RU\NLR\INFOCOMM4\1000541413 | ||
| 005 | 20240727112000.0 | ||
| 035 | _a(NLR Aleph) 002479783 | ||
| 090 |
_a2413324 _c2413324 |
||
| 100 | _a20040405c1964 |||y0rusy50 ca | ||
| 101 | 0 | _arus | |
| 102 | _aRU | ||
| 110 | _azyu||||0|y0 | ||
| 200 | 1 |
_aКраевые задачи математической физики _eСборник работ _fАН СССР |
|
| 210 |
_aМ. _aЛ. _cНаука, Ленингр. отд-ние _d1964- |
||
| 225 | 1 |
_aТруды Математического института имени В.А.Стеклова _v... |
|
| 461 | 0 |
_1001RU\NLR\INFOCOMM31\1000046422 _12001#$aТруды Математического института имени В.А. Стеклова$fАкад. наук СССР _92729281 _aМатематический институт им. В. А. Стеклова (Москва) _cМ. _d1931- _fАкад. наук СССР _nИзд-во Акад. наук СССР _tТруды Математического института имени В.А. Стеклова _x0371-9685 |
|
| 801 | 1 |
_aRU _bInfoComm _c20040405 |
|
| 801 | 0 |
_aRU _bNLR _gPSBO |
|
| 852 |
_aNLR _jП7/248 |
||
| 942 | _cCOLLECTION | ||
| 980 | _aRUSPER | ||